Análise territorial da produção nos assentamentos (Registro n. 9031)
[ somente texto ]
| 000 -LÍDER | |
|---|---|
| Campo de controle fixo | 01404nam a22003977a 4500 |
| 001 - NÚMERO DE CONTROLE | |
| Número de controle | BR2023000337 |
| 003 - CÓDIGO MARC DA AGÊNCIA CATALOGADORA | |
| Campo de controle | BR-BrBNA |
| 005 - DATA E HORA DA ÚLTIMA ATUALIZAÇÃO | |
| Campo de controle | 20230511132023.0 |
| 008 - CAMPO DE TAMANHO FIXO | |
| Campo fixo de controle | 230504b bl.||||| |||| 00| 0 por d |
| 040 ## - FONTE DA CATALOGAÇÃO | |
| Agência catalogadora | BR-BrBNA |
| Idioma da catalogação | por |
| 041 ## - CÓDIGO DO IDIOMA | |
| Código do Idioma | por |
| 072 ## - CATEGORIA AGRIS | |
| Código da categoria de assunto | E11 ; B10 |
| 090 ## - NÚMERO DE CHAMADA | |
| Número de Chamada | E11 BR2023000337 |
| 100 ## - ENTRADA PRINCIPAL - NOME PESSOAL | |
| Nome pessoal | Sparovek, Gerd |
| 100 ## - ENTRADA PRINCIPAL - NOME PESSOAL | |
| Nome pessoal | Barretto, Alberto G. O. Pereira |
| 100 ## - ENTRADA PRINCIPAL - NOME PESSOAL | |
| Nome pessoal | Maule, Rodrigo Fernando |
| 100 ## - ENTRADA PRINCIPAL - NOME PESSOAL | |
| Nome pessoal | Martins, Sérgio Paganini |
| 110 ## - ENTRADA PRINCIPAL - ENTIDADE | |
| Nome da entidade ou lugar | Ministério do Desenvolvimento Agrário, Brasília, DF (Brazil). |
| Unidades subordinadas | Núcleo de Estudos Agrários e Desenvolvimento Rural |
| 245 ## - TÍTULO PRINCIPAL | |
| Título principal | Análise territorial da produção nos assentamentos |
| 260 ## - IMPRENTA (PUBLICAÇÃO, DISTRIBUIÇÃO, ETC.) | |
| Lugar de publicação, distribuição, etc. | Brasília, DF (Brazil) : |
| Nome do editor, distribuidor, etc. | MDA/IICA |
| Data de publicação, distribuição, etc | 2005 |
| 300 ## - DESCRIÇÃO FÍSICA | |
| Extensão | 73 p. |
| Dimensões | 21 x 28 cm |
| 490 ## - INDICAÇÃO DE SÉRIE | |
| Título da série | NEAD Debate |
| Número do volume ou designação sequencial da série | 4 |
| 500 ## - NOTA GERAL | |
| Notas gerais | 19 ref.; 31 illus.; 8 tables |
| 520 ## - NOTA DE RESUMO, ETC | |
| Nota de conteúdo | Este ensaio procura responder a essa questao atravès da análise territorial das atividades produtivas nos assentamentos, que sao a essencia de sua existencia (transformar algo improdutivo em algo produtivo). |
| 650 ## - ASSUNTO - THESAGRO | |
| Cabeçalho tópico ou nome geográfico | POLÍTICA AGRÁRIA |
| 650 ## - ASSUNTO - THESAGRO | |
| Cabeçalho tópico ou nome geográfico | REFORMA AGRÁRIA |
| 650 ## - ASSUNTO - THESAGRO | |
| Cabeçalho tópico ou nome geográfico | TERRA |
| 650 ## - ASSUNTO - THESAGRO | |
| Cabeçalho tópico ou nome geográfico | ASSENTAMENTO |
| 650 ## - ASSUNTO - THESAGRO | |
| Cabeçalho tópico ou nome geográfico | AGRICULTURA FAMILIAR |
| 650 ## - ASSUNTO - THESAGRO | |
| Cabeçalho tópico ou nome geográfico | PRODUÇÃO AGRÍCOLA |
| 650 ## - ASSUNTO - THESAGRO | |
| Cabeçalho tópico ou nome geográfico | PRODUÇÃO ANIMAL |
| 650 ## - ASSUNTO - THESAGRO | |
| Cabeçalho tópico ou nome geográfico | DESENVOLVIMENTO RURAL |
| 650 ## - ASSUNTO - THESAGRO | |
| Cabeçalho tópico ou nome geográfico | GEOGRAFIA |
| 909 ## - IDENTIFICAÇÃO DO CATALOGADOR | |
| Ano e mês da catalogação (aaaamm) | 202305 |
| Identificação do catalogador | Fernando Magalhães |
| 942 ## - TIPO ESPECÍFICO | |
| Tipo de material | Livros |
| 952 ## - LOCATION AND ITEM INFORMATION (KOHA) | |
| -- | 2023-05-04 |
| Status de empréstimo | Fonte de classificação | Status de danificação | Não pode ser emprestado | Código da coleção | Localização permanente | Localização atual | Localização na estante | Total Checkouts | Número de chamada | Código de barras | Tipo de material |
|---|---|---|---|---|---|---|---|---|---|---|---|
| Classificação AGRIS | Agrobase | Biblioteca Nacional de Agricultura - Binagri | Biblioteca Nacional de Agricultura - Binagri | Agrobase - Acervo Geral | E11 BR2023000337 | 2023-435565 | Livros |

BINAGRI